CRC Handbook of chemistry and physic : a ready- reference book of chemical and physical data (Record no. 1396735)

MARC details
000 -LEADER
fixed length control field 00575nam a2200193Ia 4500
005 - DATE AND TIME OF LATEST TRANSACTION
control field 20250508165702.0
008 - FIXED-LENGTH DATA ELEMENTS--GENERAL INFORMATION
fixed length control field 008 250505s9999 xx 000 0 eng d
037 ## - SOURCE OF ACQUISITION
Stock number Periodicals
040 ## - CATALOGING SOURCE
Original cataloging agency FEDL
Language of cataloging eng
Transcribing agency FEDL
041 ## - LANGUAGE CODE
Language code of text/sound track or separate title eng
Source of code eng
084 ## - COLON CLASSIFICATION NUMBER
Classification number 540.2, LID/RR
Assigning agency FEDL
100 ## - MAIN ENTRY--PERSONAL NAME
Personal name Lide David R.
245 #0 - TITLE STATEMENT
Title CRC Handbook of chemistry and physic : a ready- reference book of chemical and physical data
250 ## - EDITION STATEMENT
Edition statement 73rd
260 ## - PUBLICATION, DISTRIBUTION, ETC.
Place of publication, distribution, etc. Boca Raton
Name of publisher, distributor, etc. CRC Press
Date of publication, distribution, etc. 1992
365 ## - TRADE PRICE
Price type code INR
Price amount 3972
942 ## - ADDED ENTRY ELEMENTS (KOHA)
Koha item type Periodicals
Classification part 540.2, LID/RR
Holdings
Withdrawn status Lost status Damaged status Not for loan Home library Current library Date acquired Cost, normal purchase price Total Checkouts Full call number Barcode Date last seen Price effective from Koha item type
        Department of Education Library Department of Education Library 2025-05-08 3972.00   540.2, LID/RR EL0090387 2025-05-08 2025-05-08 Periodicals
Copyright @ Delhi University Library System